[Event "16th Metropolitan IM"]
[Site "Los Angeles USA"]
[Date "2012.02.24"]
[Round "4"]
[White "King,Alexander B"]
[Black "Matikozian,A"]
[Result "1/2-1/2"]
[WhiteElo "2081"]
[BlackElo "2414"]

1.d4 Nf6 2.c4 g6 3.g3 Bg7 4.Bg2 d6 5.Nf3 O-O 6.O-O c6 7.Nc3 Qa5 8.e4 e5 9.h3 exd4
10.Nxd4 Qc5 11.Qd3 Nbd7 12.Nb3 Qb4 13.Rd1 Ne8 14.Bf1 Ne5 15.Qc2 Be6 16.a3 Qb6
17.Be3 Qc7 18.c5 Rd8 19.cxd6 Nxd6 20.f4 Nec4  1/2-1/2

[Event "ch-BUCA 2012"]
[Site "High Wycombe ENG"]
[Date "2012.02.25"]
[Round "5"]
[White "Iyengar,I"]
[Black "Sreeves,C"]
[Result "0-1"]
[WhiteElo "1977"]
[BlackElo "2233"]

1.d4 Nf6 2.Nf3 g6 3.c4 Bg7 4.g3 O-O 5.Bg2 d6 6.O-O Nc6 7.Nc3 Rb8 8.d5 Na5
9.Nd2 c5 10.Rb1 a6 11.b3 b5 12.Bb2 e5 13.dxe6 Bxe6 14.Nd5 bxc4 15.bxc4 Rxb2
16.Rxb2 Nxd5 17.cxd5 Bxb2 18.dxe6 fxe6 19.Ne4 Be5 20.e3 Nc4 21.Qg4 Re8 22.Ng5 d5
23.Nxe6 Qd7 24.Bh3 Qd6 25.Rc1 Bb2 26.Rc2 Bf6 27.Nf4 Ne5 28.Qd1 d4 29.exd4 cxd4
30.Nd3 Nxd3 31.Qxd3 Re1+ 32.Kg2 Qd5+ 33.Qf3 Rg1+ 34.Kxg1 Qxf3 35.Rd2 Qc3
36.Be6+ Kg7 37.Rd1 d3 38.Kg2 Qc6+  0-1

[Event "10th Nancy Masters B 2012"]
[Site "Nancy FRA"]
[Date "2012.02.26"]
[Round "9"]
[White "Ravot,S"]
[Black "Alfred,N"]
[Result "1/2-1/2"]
[WhiteElo "2279"]
[BlackElo "2288"]

1.d4 Nf6 2.c4 g6 3.Nf3 Bg7 4.g3 O-O 5.Bg2 d6 6.O-O Nbd7 7.Nc3 e5 8.e4 exd4
9.Nxd4 Re8 10.h3 a6 11.Be3 Rb8 12.b3 Nc5 13.Qc2 Bd7 14.b4 Ne6 15.Nb3 Nh5
16.Rad1 Ng5 17.g4 Nxh3+ 18.Bxh3 Qh4 19.Bg2 Bxg4 20.Ne2 Be5 21.f4 Bxe2 22.fxe5 Bxf1
23.Rxf1 Rxe5 24.Bd4 Rg5 25.Qf2 Qxf2+ 26.Rxf2 Re8 27.Kh2 Rxg2+ 28.Kxg2 Rxe4
29.Rd2 f5 30.c5 Nf4+ 31.Kf2 g5 32.cxd6 cxd6 33.Na5 g4 34.Nxb7 g3+ 35.Kf3 g2
36.Ba7 d5 37.a3 d4 38.Rxd4 Re3+ 39.Kf2 Re2+ 40.Kf3 Re3+ 41.Kf2 Re2+ 42.Kf3 Re3+  1/2-1/2

[Event "32nd TCh-IND 2012"]
[Site "Panaji IND"]
[Date "2012.02.28"]
[Round "3"]
[White "Lakshmi Narayanan,M"]
[Black "Rathnakaran,K"]
[Result "0-1"]
[WhiteElo "2137"]
[BlackElo "2403"]

1.d4 Nf6 2.g3 g6 3.Bg2 Bg7 4.c4 O-O 5.Nf3 d6 6.O-O Nbd7 7.Nc3 e5 8.b3 Re8
9.Qc2 c6 10.Rd1 a6 11.dxe5 dxe5 12.Bg5 Qc7 13.Rac1 Nc5 14.Nd2 Ne6 15.Bxf6 Bxf6
16.Nde4 Be7 17.e3 f5 18.Nd2 e4 19.Qb1 Nc5 20.Bf1 Rd8 21.b4 Nd3 22.Bxd3 Rxd3
23.c5 Be6 24.Nb3 Rxd1+ 25.Rxd1 Bf7 26.Na4 h5 27.Nb6 Rd8 28.Rxd8+ Qxd8 29.Qc2 Bf6
30.Na5 Qd3 31.Qxd3 exd3 32.Kf1 Bxa2 33.Na4 Bb1 34.Nc4 Bc2 35.Ncb2 d2  0-1

[Event "2nd HD Bank Cup 2012"]
[Site "Ho Chi Minh City VIE"]
[Date "2012.03.02"]
[Round "1.29"]
[White "Ikeda,J"]
[Black "Chung Juen Sen"]
[Result "1-0"]
[WhiteElo "2373"]
[BlackElo "1993"]

1.d4 Nf6 2.Nf3 d6 3.c4 g6 4.g3 Bg7 5.Bg2 O-O 6.b3 c5 7.Bb2 Nc6 8.O-O Bf5
9.d5 Na5 10.Nfd2 Rb8 11.e4 Bg4 12.Qc2 a6 13.a4 b5 14.axb5 axb5 15.Bc3 b4
16.Bb2 Qb6 17.f4 Bd7 18.Nf3 Nb7 19.Nbd2 Ra8 20.h3 Nh5 21.Kh2 Bxb2 22.Qxb2 Ra5
23.Rxa5 Qxa5 24.Ra1 Qb6 25.Qa2 Rb8 26.e5 Ng7 27.exd6 Nxd6 28.Ne5 Be8 29.g4 f6
30.Nd3 h5 31.Qa7 hxg4 32.hxg4 f5 33.Qxb6 Rxb6 34.gxf5 Ndxf5 35.Nxc5 Ne3 36.Bh3 Rf6
37.Re1 Nc2 38.Rxe7 Rxf4 39.Rxg7+  1-0

[Event "TCh-ISR 2011-12"]
[Site "Israel ISR"]
[Date "2012.03.02"]
[Round "11.3"]
[White "Vydeslaver,Ali"]
[Black "Bitensky,I"]
[Result "1/2-1/2"]
[WhiteElo "2386"]
[BlackElo "2390"]

1.c4 g6 2.d4 Bg7 3.Nf3 Nf6 4.g3 O-O 5.Bg2 d6 6.O-O Nc6 7.Nc3 Rb8 8.b3 a6
9.a4 a5 10.Bb2 Bd7 11.Qd2 Qc8 12.e4 e5 13.d5 Nb4 14.Ne1 Nh5 15.Nd3 Nxd3 16.Qxd3 f5
17.f3 b6 18.Bc1 Nf6 19.Bd2 h5 20.h4 Kh7 21.Rae1 Qd8 22.Bg5 Bh6 23.Bxh6 Kxh6
24.Qd2+ Kh7 25.f4 exf4 26.Rxf4 Ng4 27.Ref1 Qe7 28.Bh3 Rbe8 29.Bxg4 hxg4 30.R1f2 Kg7
31.exf5 Bxf5 32.Re2 Qf6 33.Qd4 Qxd4+ 34.Rxd4 Rxe2 35.Nxe2 Bc2 36.Rxg4 Bd1
37.Re4 Bxe2 38.Rxe2 Rf3 39.Kg2 Rxb3 40.Re7+ Kf6 41.Rxc7 Rb4 42.Rd7 Ke5 43.Re7+ Kf5
44.Re6 Rxa4 45.Rxd6 Rxc4 46.Rxb6 a4 47.Ra6 Rd4 48.d6 a3 49.Rxa3 Rxd6 50.Rf3+ Kg4
51.Rf4+ Kh5 52.Kh3 Kh6 53.Kg4 Ra6 54.Rb4 Rc6 55.Rb8 Rc4+ 56.Kf3 Rc3+ 57.Kf4 Rc4+
58.Ke5 Rc5+ 59.Ke6 Rc6+ 60.Kd5 Ra6 61.g4 g5 62.h5 Ra4 63.Rb6+ Kh7  1/2-1/2

[Event "32nd TCh-IND w 2012"]
[Site "Panaji IND"]
[Date "2012.03.02"]
[Round "5"]
[White "Gomes,Mary"]
[Black "Saranya,J"]
[Result "1-0"]
[WhiteElo "2377"]
[BlackElo "2089"]

1.Nf3 Nf6 2.g3 g6 3.Bg2 Bg7 4.c4 d6 5.d4 O-O 6.O-O c6 7.Nc3 Qa5 8.e4 e5 9.h3 Nbd7
10.Re1 Qc7 11.Be3 Rd8 12.Qc2 Nf8 13.Rad1 exd4 14.Nxd4 Ne6 15.Nde2 b6 16.f4 Bb7
17.Rd2 Rac8 18.Red1 Ba6 19.f5 Nf8 20.Qa4 Qb7 21.e5 Ne8 22.f6 Ne6 23.fxg7 dxe5
24.Rxd8 Nxd8 25.Ne4 Kxg7 26.N2c3 Ra8 27.Nd6 Nxd6 28.Rxd6 Qc7 29.c5 Bb7 30.Qh4 Ne6
31.Bh6+ Kg8 32.Ne4 Rd8 33.Nf6+ Kh8 34.Bf4 Kg7 35.Bxe5  1-0

[Event "TCh-CAT 2012"]
[Site "Catalunya ESP"]
[Date "2012.03.03"]
[Round "6.1"]
[White "Kogan,Ar"]
[Black "Movsziszian,K"]
[Result "1-0"]
[WhiteElo "2572"]
[BlackElo "2483"]

1.d4 d6 2.Nf3 g6 3.g3 Bg7 4.Bg2 Nf6 5.c4 O-O 6.Nc3 c6 7.O-O Nbd7 8.h3 e5
9.dxe5 dxe5 10.Be3 Qe7 11.Qb3 Re8 12.Rfd1 Nc5 13.Qa3 Bf8 14.Nd2 Be6 15.Rac1 Rec8
16.g4 h6 17.Nb3 Nxb3 18.Qxe7 Bxe7 19.axb3 Kg7 20.Rd3 Rd8 21.Kf1 a6 22.Rcd1 h5
23.g5 Nh7 24.Ke1 Rxd3 25.exd3 Bf5 26.h4 Rd8 27.Ke2 f6 28.gxf6+ Nxf6 29.c5 Be6
30.b4 Nd7 31.Rh1 Nf6 32.Be4 Bf7 33.f4 b6 34.Na4 bxc5 35.bxc5 Nd7  1-0

[Event "130th Varsity Match"]
[Site "London ENG"]
[Date "2012.03.03"]
[Round "1"]
[White "Scibior,A"]
[Black "Tsanas,A"]
[Result "0-1"]
[WhiteElo "2202"]
[BlackElo "2295"]

1.Nf3 Nf6 2.c4 g6 3.d4 Bg7 4.g3 O-O 5.Bg2 d6 6.Nc3 Nbd7 7.O-O e5 8.e4 exd4
9.Nxd4 Re8 10.h3 Nc5 11.Re1 Bd7 12.Bf4 h6 13.Qc2 Nfxe4 14.Bxe4 Bxd4 15.Bxg6 fxg6
16.Qxg6+ Bg7 17.Nd5 Re6 18.Rxe6 Nxe6 19.Bxh6 Qf8 20.Bxg7 Qxg7 21.Nf6+ Kf8
22.Nxd7+ Qxd7 23.Qh6+ Kg8 24.Re1 Re8 25.Re4 Ng7 26.Rh4 Qf5 27.Kg2 Rf8 28.Rf4 Qe5
29.Rxf8+ Kxf8 30.g4 Qe4+ 31.Kg3 Qxc4 32.f4 Qd3+ 33.Kf2 Qd2+ 34.Kf3 Qd3+ 35.Kf2 Qd2+
36.Kf3 Kg8 37.Qg6 Qd1+ 38.Kf2 Qd2+ 39.Kf3 Qh2 40.Qh6 Qxb2 41.f5 Qa3+ 42.Ke4 Qb4+
43.Kf3 Qa3+ 44.Ke4 Qxa2 45.Qg5 Qe2+ 46.Kd4 c5+ 47.Kc3 Qe5+ 48.Kd2 d5 49.Qd8+ Ne8
50.Qg5+ Kf8 51.Qh6+ Qg7 52.Qe6 Qd4+ 53.Ke1 Qg1+ 54.Kd2 Qg2+ 55.Kc1 Qh1+ 56.Kd2 Qh2+
57.Ke1 Qd6 58.Qc8 b6 59.Kd1 Qg3 60.Qe6 Qxh3 61.Qxd5 Qxg4+ 62.Kc2 Qe2+ 63.Kc1 Qe3+
64.Kb1 Qd4 65.Qb7 Qd3+ 66.Kc1 Qxf5 67.Qxa7 Qf6 68.Kc2 Qc6 69.Qh7 Nf6 70.Qh8+ Kf7
71.Kb3 b5 72.Qb8 c4+ 73.Kb2 Nd7 74.Qa7 Ke7 75.Qe3+ Qe6 76.Qa3+ Qd6 77.Qh3 Qd2+
78.Ka1 Qd1+  0-1

[Event "TCh-CZE Extraliga 2011-12"]
[Site "Czech Republic CZE"]
[Date "2012.03.04"]
[Round "8.7"]
[White "Caletka,R"]
[Black "Firt,S"]
[Result "1-0"]
[WhiteElo "2319"]
[BlackElo "2294"]

1.d4 Nf6 2.c4 g6 3.Nf3 Bg7 4.g3 O-O 5.Bg2 d6 6.O-O c6 7.Nc3 Qa5 8.e4 Bg4
9.h3 Bxf3 10.Bxf3 e5 11.Be3 Nbd7 12.Rb1 Rfe8 13.b4 Qc7 14.Qd2 exd4 15.Bxd4 Ne5
16.Be2 Qe7 17.f4 Ned7 18.Bd3 h5 19.Bf2 Qe6 20.Kh2 Nb6 21.c5 dxc5 22.bxc5 Nc4
23.Qe2 b5 24.cxb6 Nxb6 25.Rfc1 Rad8 26.Qf3 Qe7 27.e5 Nfd5 28.Ne4 Qa3 29.Be2 Qa4
30.Bd1 Qa6 31.Bb3 Nc8 32.Rc4 Qb7 33.Rbc1 Nb4 34.R4c3 a5 35.a3 Nd5 36.Rxc6 Nce7
37.Nd6  1-0

[Event "2nd HD Bank Cup 2012"]
[Site "Ho Chi Minh City VIE"]
[Date "2012.03.04"]
[Round "5.40"]
[White "Nguyen Dang Hong Phuc"]
[Black "Do,Thi Thuong"]
[Result "1-0"]
[WhiteElo "1765"]
[BlackElo "2091"]

1.d4 g6 2.g3 Bg7 3.Bg2 Nf6 4.Nf3 O-O 5.c4 d6 6.Nc3 Nbd7 7.O-O Rb8 8.e4 c5
9.d5 a6 10.a4 Ng4 11.Bd2 Nge5 12.Nxe5 Nxe5 13.Qe2 Bd7 14.b3 b5 15.axb5 axb5
16.Nxb5 Bxb5 17.cxb5 Qb6 18.Ra5 Nd7 19.Bh3 Nf6 20.Rb1 Rb7 21.Bf1 Rfb8 22.Ra6 Qc7
23.Rc6 Qd7 24.Qf3 Qg4 25.Qxg4 Nxg4 26.Kg2 Bd4 27.Be1 Nf6 28.f3 Nd7 29.Rc1 Ra8
30.Rc2 Kg7 31.f4 Ra3 32.Bc4 Nb6 33.Bf2 Bxf2 34.Kxf2 Nd7 35.Ra6 Ra7 36.Rxa7 Rxa7
37.Ke2 Kf6 38.Kd3 Ra1 39.Kc3 h6 40.Rf2 e6 41.g4 Ke7 42.dxe6 fxe6 43.f5 gxf5
44.exf5 exf5 45.gxf5 Ra8 46.Rg2 Nb6 47.Rg7+ Kf6 48.Rg6+ Kxf5 49.Rxd6 Rb8
50.Rxh6 Kg5 51.Rc6 Nd7 52.Rc7  1-0

[Event "12th Mediterranean Flower WGM"]
[Site "Rijeka CRO"]
[Date "2012.03.04"]
[Round "2.1"]
[White "Medic,Mir"]
[Black "Mrakovcic,K"]
[Result "1-0"]
[WhiteElo "2236"]
[BlackElo "1779"]

1.d4 Nf6 2.Nf3 g6 3.c4 Bg7 4.g3 d6 5.Bg2 O-O 6.O-O Nbd7 7.Nc3 e5 8.h3 exd4
9.Nxd4 Nb6 10.b3 c5 11.Ndb5 Ne8 12.Bb2 a6 13.Na3 Rb8 14.Qd2 Be6 15.Rad1 f5
16.Nab1 Qf6 17.Na4 Qd8 18.Bxg7 Kxg7 19.Nxc5 Bc8 20.Nc3 Qe7 21.Nd3 Be6 22.Nf4 Nd7
23.Qe3  1-0

[Event "2nd HD Bank Cup 2012"]
[Site "Ho Chi Minh City VIE"]
[Date "2012.03.05"]
[Round "6.7"]
[White "Paragua,M"]
[Black "Chan Yi Ren,D"]
[Result "1-0"]
[WhiteElo "2519"]
[BlackElo "2342"]

1.d4 Nf6 2.c4 d6 3.Nf3 g6 4.g3 Bg7 5.Bg2 O-O 6.O-O Nbd7 7.Nc3 e5 8.e4 exd4
9.Nxd4 Re8 10.h3 Nc5 11.Re1 Bd7 12.Bf4 Ne6 13.Be3 h6 14.f4 c6 15.Qd2 Nc5
16.Bf2 Qc7 17.b4 Ne6 18.Nb3 Rad8 19.Rad1 Bc8 20.Be3 Nf8 21.Nd4 Qb8 22.Qf2 Bd7
23.c5 dxc5 24.bxc5 Ne6 25.Nde2 Nc7 26.g4 Bc8 27.Rd6 Nd7 28.Red1 Bf8 29.Qh4 Ne6
30.e5 g5 31.fxg5 Bxd6 32.cxd6 Nxe5 33.Ne4 Ng6 34.Qxh6 Ng7 35.Bd4 Ne5 36.Nf6+  1-0

[Event "2nd HD Bank Cup 2012"]
[Site "Ho Chi Minh City VIE"]
[Date "2012.03.06"]
[Round "7.40"]
[White "Nguyen Dang Hong Phuc"]
[Black "Nguyen,Hoang Anh"]
[Result "1/2-1/2"]
[WhiteElo "1765"]
[BlackElo "1924"]

1.d4 g6 2.g3 Bg7 3.Bg2 Nf6 4.Nf3 O-O 5.c4 d6 6.Nc3 Nc6 7.d5 Nb8 8.O-O c6
9.e4 Nbd7 10.Nd4 c5 11.Nde2 Ne5 12.b3 a6 13.f4 Ned7 14.a4 Rb8 15.Rb1 Ne8
16.Qd3 Nc7 17.Bb2 b5 18.axb5 axb5 19.Nxb5 Nxb5 20.Bxg7 Kxg7 21.cxb5 Qb6 22.b4 Qxb5
23.Qxb5 Rxb5 24.bxc5 Rxb1 25.Rxb1 Nxc5 26.Nd4 Ba6 27.Nc6 Bd3 28.Rb4 Ra8 29.h4 Ra1+
30.Kh2 Ra2 31.Kh3 Nxe4  1/2-1/2

[Event "12th Mediterranean Flower WGM"]
[Site "Rijeka CRO"]
[Date "2012.03.06"]
[Round "4"]
[White "Medic,Mir"]
[Black "Agrest,I"]
[Result "1-0"]
[WhiteElo "2236"]
[BlackElo "2180"]

1.d4 Nf6 2.c4 g6 3.Nf3 Bg7 4.g3 O-O 5.Bg2 d6 6.O-O Nbd7 7.Nc3 a6 8.e4 e5
9.h3 exd4 10.Nxd4 Re8 11.Be3 Rb8 12.Qc2 c5 13.Nde2 b5 14.Rad1 Qc7 15.cxb5 axb5
16.Nf4 Ne5 17.Ncd5 Nxd5 18.Nxd5 Qa7 19.b4 Nc4 20.Bg5 Re6 21.bxc5 h6 22.Bf4 Qxc5
23.h4 Ba6 24.Bh3 Ree8 25.Bd7 Qa7 26.Bxe8 Rxe8 27.Ne3 Rc8 28.Nxc4 Rxc4 29.Qd2 Rxe4
30.Qxd6 Re2 31.Qd8+ Kh7 32.Rd7 Qc5 33.Rxf7 b4 34.Qf6  1-0

[Event "TCh-NED Meesterklasse 2011-12"]
[Site "Netherlands NED"]
[Date "2012.03.10"]
[Round "7.3"]
[White "Konings,F"]
[Black "Van der Heijden,T"]
[Result "0-1"]
[WhiteElo "2280"]
[BlackElo "2314"]

1.d4 Nf6 2.c4 g6 3.g3 Bg7 4.Bg2 O-O 5.Nf3 d6 6.O-O Nbd7 7.Nc3 e5 8.e4 c6
9.h3 Qa5 10.Re1 Re8 11.d5 cxd5 12.cxd5 b5 13.Nd2 Nc5 14.a4 Bd7 15.Nb3 Nxb3
16.Qxb3 Rab8 17.Bg5 bxa4 18.Qa3 Rb4 19.Na2 Rb6 20.Bf1 Bb5 21.Bxb5 Qxb5 22.Qf3 Nd7
23.Nc3 Qb3 24.Rxa4 Ra8 25.Rea1 Rb7 26.R4a3 Qc2 27.Rc1 Qxb2 28.Rb1 Qxb1+ 29.Nxb1 Rxb1+
30.Kg2 a5 31.Qg4 Nc5 32.Be3 h5 33.Qf3 Rb5 34.Qe2 Rab8 35.Bxc5 Rxc5 36.Qa6 Bf8
37.Rxa5 Rc2 38.Ra2 Rc1 39.Qa7 Rbb1 40.Qd7 Rg1+ 41.Kf3 Rb3+ 42.Ke2 Rgb1 43.Ra8 R1b2+
44.Kf1 Rf3 45.Qa7 h4 46.gxh4 Kg7 47.Kg1 Rf4 48.h5 gxh5 49.Re8 h4 50.Qe3 Rb1+
51.Kg2 Rb4 52.Ra8 Rbxe4 53.Qd3 Rd4 54.Qb5 Rd2 55.Qb6 Be7 56.Kf1 Bg5 57.Ke1 Rc4
58.Kf1 Rcc2 59.Kg1 Rd1+ 60.Kg2 Rd3 61.Qb1 Rdd2 62.Qb6 Rd3 63.Qb1 Rdd2 64.Qg1 Kf6
65.Kf3 Rc4 66.Ra6 e4+ 67.Kg4 Rxd5 68.Qa1+ Kg6 69.Rxd6+ Rxd6 70.Qa5 e3+ 71.Kf3 Rf6+
72.Ke2 exf2  0-1

[Event "TCh-SVK Extraliga 2011-12"]
[Site "Slovakia SVK"]
[Date "2012.03.10"]
[Round "10.2"]
[White "Rojicek,V"]
[Black "Bernasek,J"]
[Result "1/2-1/2"]
[WhiteElo "2406"]
[BlackElo "2464"]

1.d4 Nf6 2.c4 g6 3.g3 Bg7 4.Bg2 O-O 5.Nf3 d6 6.O-O Nc6 7.Nc3 a6 8.d5 Na5
9.Nd2 c5 10.Qc2 Rb8 11.b3 b5 12.Rb1 e5 13.cxb5 axb5 14.b4 cxb4 15.Rxb4 Ba6
16.Qb1 Qe8 17.Re1 Rb7 18.e4 Qc8 19.Nxb5 Qc5 20.a4 Rfb8 21.Ba3 Ng4 22.Rf1 Bxb5
23.axb5 Bh6 24.Nb3 Qa7 25.Nxa5 Qxa5 26.Qd3 Rxb5 27.Rxb5 Rxb5 28.h3 Qb6 29.hxg4 Rb3
30.Qxb3 Qxb3 31.Bxd6 Qb2 32.Rd1 Bg5 33.Rf1 Bd8 34.Bc5 Bb6 35.Bxb6 Qxb6 36.Bf3 Kf8
37.Kg2 Qb4 38.Rd1 Qd6 39.Rc1 Kg7 40.Rc6 Qb4 41.d6 Qd4 42.g5 h6 43.gxh6+ Kxh6
44.Rc7 Qxd6 45.Rxf7 Qd4 46.Rc7 g5 47.Rc6+ Kg7 48.Rc1 g4 49.Bxg4 Qxe4+ 50.Bf3 Qb4
51.Kf1 Qa3 52.Rc7+ Kf6 53.Be4 Qb4 54.Rc6+ Ke7 55.f3 Qd2 56.Rc2 Qe3 57.Kg2 Qg5
58.Rc6 Qh5 59.Rg6 Qh8 60.Bf5 Kf7 61.Re6 Qb8 62.Kh3 Qb3 63.Bg4 Qd1 64.Kh4 Qd8+
65.Kh5 Qd4 66.Rg6 Qd2 67.Be6+ Ke7 68.Bf5 Qe1 69.Be4 Kf7 70.Kg4 Qc3 71.Kf5 Qd4
72.Rf6+ Kg7 73.Re6 Qd7 74.Kxe5 Qc7+ 75.Kd5 Kf7 76.Rg6 Qa5+ 77.Kd4 Qa1+ 78.Ke3 Qc1+
79.Kf2 Qb2+ 80.Kg1 Qd2 81.Rc6 Qb2 82.Rc2 Qd4+ 83.Kg2 Kf6 84.Rc6+ Ke5 85.Rg6 Qd2+
86.Kh3 Qd7+ 87.Kh4 Qh7+ 88.Kg5 Qe7+ 89.Kh6 Qf8+ 90.Kh5 Qh8+ 91.Rh6 Qe8+ 92.Kh4 Qd8+
93.Kh3 Qc8+ 94.g4 Kf4 95.Rf6+ Ke3 96.Kg2 Qb8 97.g5 Qb5 98.Rf5 Qe2+ 99.Kg3 Qf1
100.Kg4 Qg2+ 101.Kh5 Qh2+ 102.Kg6 Qh8 103.Bd5 Kf2 104.Rf6 Kg3 105.Be6 Kh4
106.f4 Qe8+ 107.Kg7 Qe7+ 108.Bf7 Kg4 109.g6 Qb7 110.Kh8 Qh1+ 111.Kg7 Qb7
112.Kf8 Qb2 113.Be6+ Kh5 114.Kg7 Qc3 115.Bd7 Qd4 116.Bc6 Qc3 117.Kf7 Qc4+
118.Kf8 Qb4+ 119.Kg8 Qd4 120.Kf7 Qc4+ 121.Ke7 Qc5+ 122.Kd7 Qc3 123.Rd6 Qg7+
124.Kc8 Qf8+ 125.Rd8 Qf5+ 126.Kb7 Kxg6 127.Rd6+ Kf7 128.Rd4  1/2-1/2

[Event "TCh-HUN 2011-12"]
[Site "Paks HUN"]
[Date "2012.03.11"]
[Round "7"]
[White "Csom,I"]
[Black "Tatar Kis,S"]
[Result "1/2-1/2"]
[WhiteElo "2426"]
[BlackElo "2367"]

1.c4 g6 2.Nf3 Bg7 3.d4 Nf6 4.g3 O-O 5.Bg2 d6 6.Nc3 Nbd7 7.h3 e5 8.O-O c6
9.e4 Qa5 10.Be3 Nb6 11.Nd2 exd4 12.Bxd4 Be6 13.Qf3 Nbd7  1/2-1/2

[Event "ch-URU 2012"]
[Site "Montevideo URU"]
[Date "2012.03.14"]
[Round "7"]
[White "Ulaneo,N"]
[Black "Michailov,M"]
[Result "1/2-1/2"]
[WhiteElo "2146"]
[BlackElo "2134"]

1.d4 Nf6 2.Nf3 g6 3.c4 Bg7 4.g3 O-O 5.Bg2 d6 6.O-O Nbd7 7.Nc3 e5 8.e4 exd4
9.Nxd4 a6 10.Be3 Re8 11.f3 Rb8 12.Qd2 c5 13.Nc2 Ne5 14.Na3 b5 15.cxb5 axb5
16.Ncxb5 Ba6 17.Nxd6 Re6 18.Rfd1 Bf8 19.Ndc4 Qxd2 20.Nxd2 Rxb2 21.Nab1 Rc2
22.a4 c4 23.Na3 Rc3 24.Naxc4 Nxc4 25.Nxc4 Rxc4 26.Bf1 Rc3 27.Bg5 h6 28.Bf4 g5
29.Bc1 Bc5+ 30.Kg2 Rc2+ 31.Rd2 Bxf1+ 32.Kxf1 Rxd2 33.Bxd2 g4 34.Rc1 Nd7 35.fxg4 Rxe4
36.Bxh6 Rxa4 37.Rd1 Bd4 38.Kg2 Ne5 39.h3 f6 40.Bf4 Kf7 41.g5  1/2-1/2

[Event "European Ind w Rapid 2012"]
[Site "Gaziantep TUR"]
[Date "2012.03.15"]
[Round "9"]
[White "Paehtz,E"]
[Black "Bodnaruk,A"]
[Result "1-0"]
[WhiteElo "2459"]
[BlackElo "2412"]

1.d4 Nf6 2.Nf3 g6 3.g3 Bg7 4.c4 O-O 5.Bg2 d6 6.O-O Nc6 7.Nc3 a6 8.b3 Rb8
9.Nd5 Ne4 10.Bb2 f5 11.e3 b5 12.cxb5 axb5 13.Rc1 Bd7 14.Nd2 Nxd2 15.Qxd2 e6
16.Nf4 Ne7 17.Qc2 c6 18.a4 Nd5 19.Nd3 g5 20.Ba3 Qe7 21.axb5 Rxb5 22.Ne5 Ra5
23.Nc4 Rxa3 24.Nxa3 f4 25.Rfe1 f3 26.Bf1 e5 27.e4 Nf4 28.dxe5 dxe5 29.Nc4 Ne6
30.Ne3 Nd4 31.Qc5 Qf6 32.Rcd1 Qh6 33.Nc2 Bg4 34.Nxd4 exd4 35.e5 Be6 36.Rxd4 Bxb3
37.Rd6 Qh5 38.Qxc6 g4 39.e6 Re8 40.e7 Bf7 41.Rd8  1-0

[Event "TCh-CZE Liga 1 Zapad"]
[Site "Czech Rep CZE"]
[Date "2012.03.18"]
[Round "10.6"]
[White "Forman,S"]
[Black "Dolezal,M1"]
[Result "1-0"]
[WhiteElo "2331"]
[BlackElo "2260"]

1.d4 Nf6 2.Nf3 d6 3.g3 g6 4.Bg2 Bg7 5.c4 O-O 6.Nc3 Nbd7 7.O-O e5 8.dxe5 dxe5
9.Qc2 c6 10.b3 Qe7 11.Bb2 Nc5 12.Ne1 Ne6 13.Rd1 Rd8 14.Nd3 Ne8 15.Qc1 f5
16.e4 Nd4 17.Qe3 Nf6 18.h3 Nxe4 19.Nxe4 fxe4 20.Qxe4 Bf5 21.Qe3 Nc2 22.Qc5 Qxc5
23.Nxc5 b6 24.Nb7 Rxd1 25.Rxd1 Nd4 26.f4 c5 27.Bd5+ Be6 28.Rxd4 cxd4 29.Bxe6+ Kf8
30.Nd6 Rd8 31.Ne4  1-0

[Event "Caissa GM March 2012"]
[Site "Kecskemet HUN"]
[Date "2012.03.19"]
[Round "3.1"]
[White "Khademalsharieh,S"]
[Black "Ilincic,Z"]
[Result "1-0"]
[WhiteElo "2235"]
[BlackElo "2444"]

1.d4 Nf6 2.c4 g6 3.Nf3 Bg7 4.g3 O-O 5.Bg2 d6 6.O-O Nbd7 7.Nc3 e5 8.e4 c6
9.h3 a6 10.a4 exd4 11.Nxd4 Nc5 12.Be3 Re8 13.Qc2 Qe7 14.Rfe1 a5 15.Rad1 Nfd7
16.b3 Ra6 17.Na2 h5 18.Nc1 h4 19.g4 Ne5 20.Qd2 f6 21.Nde2 Nf7 22.Nf4 Kh7
23.Nfd3 Nxd3 24.Nxd3 Bh6 25.f4 c5 26.Qf2 g5 27.fxg5 Bxg5 28.Nf4 Bxf4 29.Bxf4 Kg7
30.Qxh4 Rh8 31.Qg3 Be6 32.Rd2 Rd8 33.Rf1 Rf8 34.Rdf2 Raa8 35.Bd2 Ne5 36.g5 Kh8
37.gxf6 Qh7 38.Qg7+  1-0

[Event "ch-Urals Men 2012"]
[Site "Satka RUS"]
[Date "2012.03.24"]
[Round "1"]
[White "Kaliev,Konstantin"]
[Black "Matveev,V3"]
[Result "1/2-1/2"]
[WhiteElo "1962"]
[BlackElo "2323"]

1.d4 Nf6 2.c4 g6 3.Nf3 Bg7 4.g3 O-O 5.Bg2 d6 6.Nc3 Nc6 7.O-O Bf5 8.Ne1 Na5
9.e4 Bd7 10.Qe2 c5 11.d5 a6 12.Bd2 b5 13.cxb5 axb5 14.Nxb5 Qb6 15.Nc3 Rfb8
16.Nc2 Qxb2 17.Ne3 Qb6 18.Rfb1 Qa7 19.Rxb8+ Rxb8 20.Rb1 Rb4 21.Nc2 Rxb1+
22.Nxb1 Qb6 23.Nba3 h5 24.Qe1 Nb7 25.h3 Ba4 26.Nc4 Qa6 27.N2a3 Nd7 28.Bf1 Qa7
29.Qb1 Bd4 30.Kg2 Kg7 31.f4 e6 32.Nb5 Bxb5 33.Qxb5 Nd8 34.Ba5 exd5 35.Nxd6 Nc6
36.Qxc6 Qxa5 37.Qxd7 Qxa2+ 38.Kh1 Qf2 39.Qxf7+ Kh6 40.Qf8+ Bg7 41.Nf7+ Kh7
42.Ng5+  1/2-1/2

[Event "Belgrade Spring Open 2012"]
[Site "Belgrade SRB"]
[Date "2012.03.29"]
[Round "6.4"]
[White "Dimitrijevic,Sr"]
[Black "Arsenovic,M"]
[Result "1-0"]
[WhiteElo "2306"]
[BlackElo "2167"]

1.d4 Nf6 2.c4 g6 3.Nf3 Bg7 4.g3 O-O 5.Bg2 d6 6.O-O Nc6 7.Nc3 Bf5 8.b3 Qd7
9.Bb2 Bh3 10.e4 Bxg2 11.Kxg2 Rfd8 12.Re1 e5 13.Nd5 exd4 14.Nxd4 Nxd5 15.cxd5 Nxd4
16.Bxd4 c5 17.dxc6 bxc6 18.Bxg7 Kxg7 19.Qd4+ Kg8 20.Rac1 Rac8 21.Rc2 d5 22.Rec1 dxe4
23.Qxe4 Re8 24.Qf3 Re6 25.Rc5 Qd6 26.b4 Qd2 27.b5 Qxa2 28.bxc6 Qb2 29.c7 Qb6
30.h4 Rf6 31.Qc3 h5 32.Rc2 Re6 33.Rb2 Qa6 34.Rd2 Ree8 35.Rc6 Qa4 36.Rd4 Qb5
37.Rd7 Qf5 38.Qd4 Qe5 39.Qxe5 Rxe5 40.Rd8+  1-0

[Event "European Senior Teams 2012"]
[Site "Rogaska Slatina SLO"]
[Date "2012.03.29"]
[Round "3.11"]
[White "Norman,K"]
[Black "Van Kemenade,R"]
[Result "1/2-1/2"]
[WhiteElo "2175"]
[BlackElo "1984"]

1.d4 Nf6 2.Nf3 g6 3.c4 Bg7 4.g3 O-O 5.Bg2 d6 6.Nc3 Nc6 7.O-O e5 8.d5 Ne7
9.c5 Ne8 10.cxd6 cxd6 11.e4 h6 12.a4 f5 13.exf5 gxf5 14.Nd2 Ng6 15.Nc4 f4
16.Ne4 Bf5 17.Bd2 Rf7 18.Bb4 Bf8 19.Rc1 Qd7 20.b3 Bg4 21.f3 Bf5 22.Ncd2 Nf6
23.Nxf6+ Rxf6 24.Qe2 Qf7 25.Ne4 Bxe4 26.Qxe4 Ne7 27.Rfd1 fxg3 28.hxg3 Nf5
29.Be1 h5 30.Bh3 Bh6 31.Bxf5 Rxf5 32.Rc7 Qxc7 33.Qxf5 Qf7  1/2-1/2

[Event "European Senior Teams 2012"]
[Site "Rogaska Slatina SLO"]
[Date "2012.03.31"]
[Round "5.16"]
[White "Kayaman,M"]
[Black "Streicher,Z"]
[Result "1/2-1/2"]
[WhiteElo "1938"]
[BlackElo "2062"]

1.d4 Nf6 2.Nf3 g6 3.g3 Bg7 4.Bg2 O-O 5.c4 d6 6.Nc3 Nbd7 7.O-O c5 8.b3 Rb8
9.Bb2 a6 10.a4 b6 11.d5 Ne8 12.Qd2 Ndf6 13.e4 Nc7 14.Rfe1 b5 15.axb5 axb5
16.e5 Ng4 17.Ne4 bxc4 18.exd6 exd6 19.Bxg7 Kxg7 20.bxc4 Bf5 21.Qf4 Bxe4 22.Rxe4 Nf6
23.Ree1 Re8 24.Rxe8 Ncxe8 25.Bf1 h6 26.h4 Ra8 27.Rb1 Rb8 28.Ra1 Nh5 29.Qe3 Nhf6
30.Bh3 Rb4 31.Bf1 Qc8 32.Ra7 Rb7 33.Ra1 Qb8 34.Bd3 Ng4 35.Qf4 Nef6 36.Nh2 Ne5
37.Bf1 Rb1 38.Rxb1 Qxb1 39.Nf3 Nxf3+ 40.Qxf3 Qe4 41.Qxe4 Nxe4 42.Bd3 f5 43.Kg2 Kf6
44.f3 Nd2 45.f4  1/2-1/2

[Event "TCh-BEL 2011-12"]
[Site "Belgium BEL"]
[Date "2012.04.01"]
[Round "11.1"]
[White "Michiels,B"]
[Black "Hausrath,D"]
[Result "1-0"]
[WhiteElo "2501"]
[BlackElo "2507"]

1.d4 Nf6 2.c4 g6 3.Nf3 Bg7 4.g3 O-O 5.Bg2 d6 6.Nc3 c6 7.O-O Qa5 8.e4 e5 9.h3 Nbd7
10.Re1 Re8 11.d5 cxd5 12.cxd5 b5 13.a3 b4 14.Na4 bxa3 15.Rxa3 Rb8 16.Bf1 Nc5
17.Bd2 Qc7 18.Qc2 Na6 19.Qxc7 Nxc7 20.Nc3 a6 21.Bc1 Rb4 22.Nd2 Nb5 23.Nxb5 axb5
24.Rb3 Rxb3 25.Nxb3 Bd7 26.Bd2 Rc8 27.g4 Ne8 28.Rc1 Rxc1 29.Nxc1 f5 30.f3 Bf6
31.Na2 Bd8 32.Be3 h5 33.gxf5 gxf5 34.b4 Bh4 35.Nc3 Be1 36.Bxb5 Bxb5 37.Nxb5 Bxb4
38.Bg5 Kf7 39.Kg2 Nf6 40.Bxf6 Kxf6 41.Nc7 fxe4 42.fxe4 Kg5 43.Ne6+ Kh4 44.Ng7 Kg5
45.Kg3 Be1+ 46.Kf3 Bb4 47.Nf5 h4 48.Ng7 Kg6 49.Ne6 Kh5 50.Ke2 Kg6 51.Kd3 Kf6
52.Kc4 Ba3 53.Kb5 Kg6 54.Kc6 Bb4 55.Kd7 Kf6 56.Kc7 Kg6 57.Kc6 Kf6 58.Kd7 Kg6
59.Ke7 Ba3 60.Nc7 Kg5 61.Nb5 Bb4 62.Nxd6 Kf4 63.Ke6 Kg3 64.Kxe5 Kxh3 65.Nf5 Kg4
66.Nxh4 Kxh4 67.Kf5  1-0

[Event "1st Balagne GM"]
[Site "Calvi FRA"]
[Date "2012.04.02"]
[Round "1.5"]
[White "Terrieux,K"]
[Black "Demuth,A"]
[Result "1/2-1/2"]
[WhiteElo "2395"]
[BlackElo "2417"]

1.d4 Nf6 2.c4 g6 3.Nf3 Bg7 4.g3 O-O 5.Bg2 d6 6.O-O Nc6 7.Nc3 a6 8.h3 Rb8
9.e4 b5 10.e5 Nd7 11.e6 fxe6 12.d5 exd5 13.cxd5 Na5 14.Nd4 Ne5 15.Nce2 Bd7
16.Nf4 Qc8 17.Nfe6 Rf7 18.Nxg7 Rxg7 19.f4 Nf7 20.Qe1 b4 21.b3 Nd8 22.Bb2 Rf7
23.Kh2 c5 24.dxc6 Bxc6 25.Rc1 Qc7 26.Nxc6 Naxc6 27.Qe2 Rb7 28.Rfd1 e6 29.Ba1 d5
30.Qb2 Kf8 31.Qh8+ Ke7 32.Rc2 Qc8 33.Qb2 Qd7 34.h4 Rb6 35.Re2 Kd6 36.Qc1 Kc7
37.Bh3 Kb7 38.Qc5 Rb5 39.Qe3 Re7 40.Rc2 Qd6 41.Bf6 Rf7 42.Bb2 Re7 43.Bf6 Rf7
44.Bb2 Rd7 45.Ba1 Re7 46.Bf6 Rf7 47.Ba1 Re7 48.Bf6 Rf7 49.Bb2 Re7  1/2-1/2